Central Library OPAC University of Rajshahi

Autobiography and other writings of Nawab Abdul Latif Khan Bahadur / (Record no. 26441)

MARC details
000 -LEADER
fixed length control field 00832nam a22002651 4500
001 - CONTROL NUMBER
control field 26441
003 - CONTROL NUMBER IDENTIFIER
rucl marc code BD-RjUL
005 - DATE AND TIME OF LATEST TRANSACTION
control field 20211209051022.0
008 - FIXED-LENGTH DATA ELEMENTS--GENERAL INFORMATION
fixed length control field 140322s1968 pk b 000 0aeng
035 ## - SYSTEM CONTROL NUMBER
System control number (BD-RjUL)26511
040 ## - CATALOGING SOURCE
Original cataloging agency DLC
Transcribing agency DLC
Modifying agency DLC
-- BD-RjUL
Language of cataloging eng
041 ## - LANGUAGE CODE
Language code of text/sound track or separate title eng
082 00 - DEWEY DECIMAL CLASSIFICATION NUMBER
Classification number 954.922924
Author mark and year ABA 1968
100 0# - MAIN ENTRY--PERSONAL NAME
Personal name Abdul Latif,
Dates associated with a name 1828-1893.
9 (RLIN) 81297
245 10 - TITLE STATEMENT
Title Autobiography and other writings of Nawab Abdul Latif Khan Bahadur /
Statement of responsibility, etc. Edited by Md. Mohar Ali.
250 ## - EDITION STATEMENT
Edition statement 2d rev. & enl. ed.
260 ## - PUBLICATION, DISTRIBUTION, ETC. (IMPRINT)
Place of publication, distribution, etc. Chittagong :
Name of publisher, distributor, etc. Mehrub Publications,
Date of publication, distribution, etc. 1968.
300 ## - PHYSICAL DESCRIPTION
Pagination xxiv, 321 p. ;
Size 22 cm.
600 00 - SUBJECT ADDED ENTRY--PERSONAL NAME
Personal name Abdul Latif,
Dates associated with a name 1828-1893.
Personal name Abdul Latif,
Dates associated with a name 1828-1893.
700 1# - ADDED ENTRY--PERSONAL NAME
Personal name Ali, Md. Mohar,
Relator term ed.
942 ## - ADDED ENTRY ELEMENTS (KOHA)
Source of classification or shelving scheme Dewey Decimal Classification
Koha item type Books
Holdings
Lost status Source of classification or shelving scheme Damaged status Not for loan Collection code Permanent Location Current Location Shelving location Date acquired Source of acquisition Cost, normal purchase price Total Checkouts Full call number Date last seen Date checked out Copy number Koha item type
  Dewey Decimal Classification     Non-fiction Central Library, University of Rajshahi Central Library, University of Rajshahi   14/10/1968 book Store, Rajshahi. 20.00 1 954.922924 ABA 1968 13/05/2017 30/04/2017 C-3 Books